Các kỹ thuật ứng dụng trong Flash và Dreamweaver

Saved in:
Bibliographic Details
Main Author: Nguyễn, Trường Sinh
Format: Book
Language:Undetermined
Published: Hà Nội Lao động - Xã hội 2004
Subjects:
Tags: Add Tag
No Tags, Be the first to tag this record!
Institutions: Trung tâm Học liệu Trường Đại học Cần Thơ
LEADER 00623nam a2200193Ia 4500
001 CTU_213433
008 210402s9999 xx 000 0 und d
082 |a 006.78 
082 |b S312 
100 |a Nguyễn, Trường Sinh 
245 0 |a Các kỹ thuật ứng dụng trong Flash và Dreamweaver 
245 0 |c Nguyễn Trường Sinh 
260 |a Hà Nội 
260 |b Lao động - Xã hội 
260 |c 2004 
650 |a Dreamweaver (Computer programs) 
904 |i Minh 
910 |a Sách kèm đĩa có số AV.002304 
980 |a Trung tâm Học liệu Trường Đại học Cần Thơ